00530nam a2200193 a 4500001001300000003000900013005001700022008004100039020001300080082001600093100001900109245007700128260003400205300000900239500003500248505001000283650002400293700001900317nice12345678IN_TiNIC20260116012248.0050524s1990 newa grp 000 0 eng  ac244.5100a200.19bFRE aFreud, Sigmund aOrigins of Religionb Totem and Taboo, Moses and Monotheism & Other Work aNew YorkbPenguin Booksc1990 a413p aincludes index and biblioraphy2 aIndex aReligion-Psychology1 aFreud, Sigmund